<?xml version="1.0" encoding="UTF-8"?>
<record
    xmlns:xsi="http://www.w3.org/2001/XMLSchema-instance"
    xsi:schemaLocation="http://www.loc.gov/MARC21/slim http://www.loc.gov/standards/marcxml/schema/MARC21slim.xsd"
    xmlns="http://www.loc.gov/MARC21/slim">

  <leader>00922nam a2200277 a 4500</leader>
  <controlfield tag="003">OSt</controlfield>
  <controlfield tag="005">20220210083149.0</controlfield>
  <controlfield tag="008">100811s2019    dr            000 0 spa d</controlfield>
  <datafield tag="020" ind1=" " ind2=" ">
    <subfield code="a">9789945169522</subfield>
  </datafield>
  <datafield tag="040" ind1=" " ind2=" ">
    <subfield code="a">DO-SdBNP</subfield>
    <subfield code="b">spa</subfield>
    <subfield code="c">BPMSU </subfield>
  </datafield>
  <datafield tag="082" ind1=" " ind2="4">
    <subfield code="a">320.973</subfield>
    <subfield code="b">N714t 2019   </subfield>
    <subfield code="2">22</subfield>
  </datafield>
  <datafield tag="100" ind1="1" ind2=" ">
    <subfield code="a">Nina G&#xF3;mez, Carlos</subfield>
  </datafield>
  <datafield tag="100" ind1="z" ind2=" ">
    <subfield code="a">G&#xF3;mez, Carlos Nina</subfield>
  </datafield>
  <datafield tag="245" ind1="1" ind2="0">
    <subfield code="a">Trump vs. Obama... &#xBF;Qui&#xE9;n gana? /</subfield>
    <subfield code="c">Carlos Nina G&#xF3;mez ; pr&#xF3;logo Tony Raful.</subfield>
  </datafield>
  <datafield tag="260" ind1=" " ind2=" ">
    <subfield code="a">Santo Domingo :</subfield>
    <subfield code="b">B&#xFA;ho,</subfield>
    <subfield code="c">2019.</subfield>
  </datafield>
  <datafield tag="300" ind1=" " ind2=" ">
    <subfield code="a">404 p. :</subfield>
    <subfield code="b">il., fots. ; </subfield>
    <subfield code="c">23 cm.</subfield>
  </datafield>
  <datafield tag="500" ind1=" " ind2=" ">
    <subfield code="a">Incluye datos biogr&#xE1;ficos del autor en las solapas.</subfield>
  </datafield>
  <datafield tag="590" ind1=" " ind2=" ">
    <subfield code="a">Inventariado, 2022/VM</subfield>
  </datafield>
  <datafield tag="600" ind1="1" ind2="4">
    <subfield code="a">Obama, Barack, </subfield>
    <subfield code="d">1961-</subfield>
  </datafield>
  <datafield tag="600" ind1="1" ind2="4">
    <subfield code="a">Trump, Donald, </subfield>
    <subfield code="d">1946-</subfield>
  </datafield>
  <datafield tag="650" ind1=" " ind2="4">
    <subfield code="a">Presidentes</subfield>
    <subfield code="z">Estados Unidos</subfield>
    <subfield code="y">Siglo XXI</subfield>
  </datafield>
  <datafield tag="651" ind1=" " ind2="4">
    <subfield code="a">Estados Unidos</subfield>
    <subfield code="x">Pol&#xED;tica y gobierno</subfield>
    <subfield code="y">Siglo XXI</subfield>
  </datafield>
  <datafield tag="700" ind1="1" ind2=" ">
    <subfield code="a">Raful, Tony,</subfield>
    <subfield code="e">pr&#xF3;logo</subfield>
    <subfield code="d"> </subfield>
  </datafield>
  <datafield tag="910" ind1=" " ind2=" ">
    <subfield code="a">VMateo V.</subfield>
  </datafield>
  <datafield tag="942" ind1=" " ind2=" ">
    <subfield code="2">ddc</subfield>
    <subfield code="c">BK</subfield>
  </datafield>
  <datafield tag="952" ind1=" " ind2=" ">
    <subfield code="0">0</subfield>
    <subfield code="1">0</subfield>
    <subfield code="2">ddc</subfield>
    <subfield code="4">0</subfield>
    <subfield code="7">0</subfield>
    <subfield code="8">CD</subfield>
    <subfield code="a">BPMET</subfield>
    <subfield code="b">BPMET</subfield>
    <subfield code="d">2022-02-10</subfield>
    <subfield code="e">Fundac&#xF3;n Juan Bosch </subfield>
    <subfield code="o">BPMSU CD 320.973 N714t 2019   </subfield>
    <subfield code="p">BPMSU22020043</subfield>
    <subfield code="r">2022-02-10</subfield>
    <subfield code="w">2022-02-10</subfield>
    <subfield code="y">BK</subfield>
  </datafield>
  <datafield tag="999" ind1=" " ind2=" ">
    <subfield code="c">14029</subfield>
    <subfield code="d">14029</subfield>
  </datafield>
</record>
